Представление документа в формате MARC21

Поле Инд. ПП Название Значение
Тип записи a
Библиографический уровень m
001 Контрольный номер RU/IS/BASE/620742645
005 Дата корректировки 20240320142006.3
020 c Цена, тираж б. ц.
040 b Код языка каталог. rus
e Правила каталог. PSBO
041 0_ a Код языка текста rus
080 a Индекс УДК 004.77
084 a Индекс другой классификации/Индекс ББК 32.971.35
090 a Полочн. индекс 681.3
x Авторский знак П88
c Каталожный индекс 681.324
097 b Оператор 02
100 1_ a Автор Пунцель Е. В.
245 10 a Заглавие Информационная система электронных изданий Республиканского Института Профессионального Образования
h Физич. носитель только электронный вариант
b Продолж. заглавия дисс. на соиск. степени магистра техн. наук : 1-59 81 01
c Ответственность науч. рук. Л. И. Майсеня
260 a Место издания Минск
b Издательство БГУИР
c Дата издания 2019
510 0_ a Примечание о ссылках Диссертации и авторефераты диссертаций
653 0_ a Ключевые слова информационные системы; электронные издания; РИПО
901 t Тип документа d